LIBRARY & INFORMATION CENTRE, KCAET, TAVANUR

ONLINE PUBLIC ACCESS CATALOGUE (OPAC)

MODELLING GROUNDWATER POLLUTION USING VISUAL MODFLOW IN ELOOR INDUSTRIAL BELT (Record no. 17723)

MARC details
000 -LEADER
fixed length control field 00402nam a22001457a 4500
003 - CONTROL NUMBER IDENTIFIER
control field OSt
082 ## - DEWEY DECIMAL CLASSIFICATION NUMBER
Classification number 631.75807
088 ## - REPORT NUMBER
Report number 571
100 ## - MAIN ENTRY--AUTHOR NAME
Personal name ANJALY.C.SUNNY
245 ## - TITLE STATEMENT
Title MODELLING GROUNDWATER POLLUTION USING VISUAL MODFLOW IN ELOOR INDUSTRIAL BELT
260 ## - PUBLICATION, DISTRIBUTION, ETC. (IMPRINT)
Place of publication TAVANUR
Name of publisher DEPARTMENT OF SOIL AND WATER CONSERVATION ENGINEERING
Year of publication 2023
300 ## - PHYSICAL DESCRIPTION
Number of Pages 166
700 ## - ADDED ENTRY--PERSONAL NAME
Personal name SATHIAN.K K (GUIDE)
942 ## - ADDED ENTRY ELEMENTS (KOHA)
Koha item type Theses
Holdings
Collection code Home library Current library Full call number Accession Number Koha item type Public note
Reference KAUAET KAUAET 631.75807 T 571 Theses PhD Thesis
free website counter